Catálogo
 En Linea

El ABC de la construcción de naciones / (Registro nro. 44782)

Detalles MARC
000 -CABECERA
campo de control de longitud fija 00914nam a2200193 a 4500
001 - NÚMERO DE CONTROL
campo de control 000045293
005 - FECHA Y HORA DE LA ÚLTIMA TRANSACCIÓN
campo de control 20201002050034.0
008 - DATOS DE LONGITUD FIJA--INFORMACIÓN GENERAL
campo de control de longitud fija 150225s2001 dr a 000 0 spa d
040 ## - FUENTE DE LA CATALOGACIÓN
Centro catalogador/agencia de origen DO-SdBNP
Lengua de catalogación spa
Centro/agencia transcriptor BNPHU
082 ## - NÚMERO DE LA CLASIFICACIÓN DECIMAL DEWEY
Número de clasificación xxxx
Número de documento/Ítem xxxx
245 03 - MENCIÓN DE TÍTULO
Título El ABC de la construcción de naciones /
Mención de responsabilidad, etc. Alexander Hamilton, Lyndon H. LaRouche, Jr ; prólogo ; Jorge Luis Meléndez Cárdenas, M. A.
260 ## - PUBLICACIÓN, DISTRIBUCIÓN, ETC.
Lugar de publicación, distribución, etc. Santo Domingo :
Nombre del editor, distribuidor, etc. Instituto Schiller,
Fecha de publicación, distribución, etc. 2001.
300 ## - DESCRIPCIÓN FÍSICA
Extensión 136 p. ;
Dimensiones 21 cm.
500 ## - NOTA GENERAL
Nota general Perteneció a la biblioteca personal del Dr. Guaroa Ginebra H.
505 0# - NOTA DE CONTENIDO CON FORMATO
Nota de contenido con formato Informe sobre el asunto de las manufacturas /
Mención de responsabilidad Alexander Hamilton --
Título La prueba del IQ económico /
Mención de responsabilidad Lyndon H. LaRouche, Jr --
700 12 - PUNTO DE ACCESO ADICIONAL--NOMBRE DE PERSONA
Nombre de persona Hamilton, Alexander
Título de la obra Informe sobre el asunto de las manufacturas
9 (RLIN) 73317
700 12 - PUNTO DE ACCESO ADICIONAL--NOMBRE DE PERSONA
Nombre de persona LaRouche, Lyndon H.
Título de la obra La prueba del IQ económico
9 (RLIN) 73318
700 12 - PUNTO DE ACCESO ADICIONAL--NOMBRE DE PERSONA
Nombre de persona Meléndez Cárdenas, Jorge Luis,
Término indicativo de función/relación pról.
9 (RLIN) 73319
Existencias
Estado de retiro Estado de pérdida No para préstamo Código de colección Localización permanente Ubicación/localización actual Ubicación en estantería Fecha de adquisición Número de inventario Total de préstamos Signatura topográfica completa Código de barras Fecha visto por última vez Precio válido a partir de Tipo de ítem Koha Nota pública
    Excluido de préstamo Patrimonio Dominicano Patrimonio Dominicano Patrimonio Dominicano En catalogación 25.02.2015 LF1   xxxx xxxx 45293-10 25.06.2020 25.06.2020 Libro y Folleto Colección Patrimonio Dominicano Perteneció a la biblioteca personal del Dr. Guaroa Ginebra H.

Con tecnología Koha